Comparison of effectiveness of chemical and organic fertilizer on phkaromduol rice cultivar ប្រៀបធៀបប្រសិទ្ធភាពជីគីមី និងជីធម្មជាំតិលើពូជស្រូវផ្ការំដួល (Record no. 1175)

000 -LEADER
fixed length control field 00623nam a22001337a 4500
040 ## - CATALOGING SOURCE
Transcribing agency RUA
082 ## - DEWEY DECIMAL CLASSIFICATION NUMBER
Classification number AGR SEN 2012 B051 Or.1
100 ## - MAIN ENTRY--AUTHOR NAME
Personal name SENG, CHANTHY.
245 ## - TITLE STATEMENT
Title Comparison of effectiveness of chemical and organic fertilizer on phkaromduol rice cultivar ប្រៀបធៀបប្រសិទ្ធភាពជីគីមី និងជីធម្មជាំតិលើពូជស្រូវផ្ការំដួល
260 ## - PUBLICATION, DISTRIBUTION, ETC. (IMPRINT)
Place of publication Phnom Penh
Name of publisher RUA
Year of publication 2012
300 ## - PHYSICAL DESCRIPTION
Number of Pages ix; 49p.
Other physical details ill.
Dimensions 29cm.
856 ## - ELECTRONIC LOCATION AND ACCESS
Uniform Resource Identifier https://drive.google.com/file/d/1VnPW9y2rX-iNgTRPXitv_T-EBG1-hllf/view?usp=sharing
942 ## - ADDED ENTRY ELEMENTS (KOHA)
Koha item type AGR
952 ## - LOCATION AND ITEM INFORMATION (KOHA)
Withdrawn status [LOCAL, KOHA] 0
952 ## - LOCATION AND ITEM INFORMATION (KOHA)
Withdrawn status [LOCAL, KOHA] 0
952 ## - LOCATION AND ITEM INFORMATION (KOHA)
Withdrawn status [LOCAL, KOHA] 0
952 ## - LOCATION AND ITEM INFORMATION (KOHA)
Withdrawn status [LOCAL, KOHA] 0
952 ## - LOCATION AND ITEM INFORMATION (KOHA)
Withdrawn status [LOCAL, KOHA] 0
952 ## - LOCATION AND ITEM INFORMATION (KOHA)
Withdrawn status [LOCAL, KOHA] 0
Holdings
Permanent Location Date acquired Koha item type Lost status Shelving location Barcode Current Location Full call number
Library Block B2015-09-24AGR B052RUA000458Library Block BAGR SEN 2012 B051 Or.1
Library Block B2015-09-24AGR B052RUA000679Library Block BAGR SEN 2012 B051 Or.2
Library Block B2015-09-24AGR B052RUA000748Library Block BAGR SEN 2012 B051 Or.3
Library Block B2015-09-25AGR B052RUA005904Library Block BAGR SEN 2012 B051 Or.4
Library Block B2015-09-25AGR B052RUA004568Library Block BAGR SEN 2012 B051 Or.5
Library Block B2018-12-24AGR B1.194A41591Library Block BAGR SEN 2012 B1.194 Or.1
មជ្ឈមណ្ឌលឯការនៃសាកលវិទ្យាល័យភូមិន្ទកសិកម្មចំការដូង

Powered by Koha